Особливості етикету у віртуальній англомовній комунікації (Запис № 285001)
[ простий вигляд ]
| 000 -LEADER | |
|---|---|
| fixed length control field | 01523nam a22001577a 4500 |
| 041 ## - LANGUAGE CODE | |
| Language code of text/sound track or separate title | ukr |
| 080 ## - UNIVERSAL DECIMAL CLASSIFICATION NUMBER | |
| Universal Decimal Classification number | 09 |
| 090 ## - LOCALLY ASSIGNED LC-TYPE CALL NUMBER (OCLC); LOCAL CALL NUMBER (OCLC) | |
| Local cutter number (OCLC) ; Book number/undivided call number, CALL (RLIN) | ГОР |
| 100 ## - MAIN ENTRY--PERSONAL NAME | |
| Personal name | Горчак Р. М. |
| 245 ## - TITLE STATEMENT | |
| Title | Особливості етикету у віртуальній англомовній комунікації |
| 260 ## - PUBLICATION, DISTRIBUTION, ETC. (IMPRINT) | |
| Place of publication, distribution, etc | Острог |
| Name of publisher, distributor, etc | КАФ |
| Date of publication, distribution, etc | 2012 |
| 300 ## - PHYSICAL DESCRIPTION | |
| Extent | 75 |
| 520 ## - SUMMARY, ETC. | |
| Summary, etc | РОЗДІЛ 1 ЕТИКЕТ В МЕРЕЖІ ІНТЕРНЕТ<br/>1.1 Поняття дискурсу у сучасній лінгвістиці.<br/>1.2 Таксономія віртуальних середовищ.<br/>1.3 Чатлайнова комунікація як різновид віртуальної комунікації.<br/>1.4 Поняття етикету, мовленнєвого етикету і нетикету.<br/>1.5 Функції етикету у спілкуванні.<br/>РОЗДІЛ 2 НЕТИКЕТ ЯК ЧИННИК ЕФЕКТИВНОЇ ВІРТУАЛЬНОЇ АНГЛОМОВНОЇ КОМУНІКАЦІЇ<br/>2.1 Невербальні компоненти нетикету.<br/>2.2 Роль акронімів у віртуальній комунікації.<br/>2.3 Етикет і особливості утворення віртуальних товариств.<br/>2.4 Тематика віртуальних дискусій.<br/>2.5 Стратегії і тактики спонтанної віртуальної комунікації. |
| -- | мовна комунікація, етикет, Інтернет |
| 650 ## - SUBJECT ADDED ENTRY--TOPICAL TERM | |
| Topical term or geographic name as entry element | Research Papers |
| 942 ## - ADDED ENTRY ELEMENTS (KOHA) | |
| Koha item type | Книги |
| Withdrawn status | Lost status | Source of classification or shelving scheme | Damaged status | Not for loan | Home library | Current library | Date acquired | Source of acquisition | Cost, normal purchase price | Total Checkouts | Full call number | Barcode | Date last seen | Price effective from | Koha item type |
|---|---|---|---|---|---|---|---|---|---|---|---|---|---|---|---|
| Universal Decimal Classification | ВІЛ - Відділ іноземн. літератури НБ | ВІЛ - Відділ іноземн. літератури НБ | 18/09/2012 | Акт №5 | 1.00 | 09 | 215010 | 10/11/2021 | 18/09/2012 | Книги |